| 000 | 00996nam a22002777a 4500 | ||
|---|---|---|---|
| 001 | 5484 | ||
| 003 | FISKH | ||
| 005 | 20241210145515.0 | ||
| 008 | 241210b cb ||||| |||| 00| 0 eng d | ||
| 020 | _a9780553296983 | ||
| 040 |
_aFISKH _beng _cFISKH _dFISKH |
||
| 050 | _aD810.J4 | ||
| 082 | _a949.2071092 | ||
| 100 | _aFrank, Anne | ||
| 245 |
_aThe diary of a young girl / _cby Anne Frank with an introduction by Eleanor Roosevelt |
||
| 260 |
_aNew York : _bBantam Books ; _c1952. |
||
| 300 |
_a283 pages : _billustrations ; _c18 cm . |
||
| 505 | _aZ | ||
| 520 | _aThe journal of a Jewish girl in her early teens describes both the joys and torments of daily life, as well as typical adolescent thoughts, throughout two years spent in hiding with her family during the Nazi occupation of Holland. | ||
| 521 | 8 |
_a1080
_bLexile |
|
| 521 | 8 |
_aZ
_bRaz-Plus |
|
| 650 |
_aautobiography _vnon-fiction |
||
| 700 |
_aFrank , Otto _eEditor |
||
| 942 |
_2ddc _cBK _n0 |
||
| 999 |
_c5484 _d5484 |
||